000
00212 a2200097 4500
001
3678
100
_a
Hasan, K S
245
_a
Transfer of power, the
260
_a
_b
Pak Inst Int Affairs
_c
090
_c
2938
_d
2938
942
_a
NUST-CAE
_c
M
_c
21535
999
_c
238751
_d
238751